书目信息 |
| 题名: |
民国明援
|
|
| 作者: | 时影 编著 | |
| 分册: | ||
| 出版信息: | 北京 团结出版社 2005.01 |
|
| 页数: | 222页 | |
| 开本: | 23cm | |
| 丛书名: | 民国万象 | |
| 单 册: | ||
| 中图分类: | K828.5 | |
| 科图分类: | ||
| 主题词: | 女性--nv xing--名人--生平事迹--中国--民国 | |
| 电子资源: | ||
| ISBN: | 7-80130-798-4 | |
| 000 | 00936nam 2200325 450 | |
| 001 | CAL 012004138583 | |
| 005 | 20050614104426.17 | |
| 010 | @a7-80130-798-4@dCNY 28.00 | |
| 092 | @aCN@b人天142-1099 | |
| 099 | @aCAL 012004138583 | |
| 100 | @a20041207d2005 em y0chiy0121 ea | |
| 101 | 0 | @achi |
| 102 | @aCN@b110000 | |
| 105 | @aach a 000yc | |
| 200 | 1 | @a民国明援@Amin guo ming yuan@d= Lady@f时影编著@zeng |
| 210 | @a北京@c团结出版社@d2005.01 | |
| 215 | @a222页@c图, 肖像, 摹真@d23cm | |
| 225 | 2 | @a民国万象@Amin guo wan xiang@v2 |
| 320 | @a有书目 (第222页) | |
| 410 | 0 | @12001 @a民国万象@v2 |
| 510 | 1 | @aLady@zeng |
| 512 | 1 | @a民国名媛@Amin guo ming yuan |
| 606 | 0 | @a女性@Anv xing@x名人@x生平事迹@y中国@z民国 |
| 690 | @aK828.5@v4 | |
| 701 | 0 | @a时影@Ashi ying@4编著 |
| 801 | 0 | @aCN@b541@c20050614 |
| 801 | 2 | @aCN@bECN@c20041214 |
| 905 | @a10447@dK828.5@eS562 | |
| 906 | @dCNY28.00@n0@r1 | |
| 998 | @aECN | |
| 民国明援= Lady/时影编著.-北京:团结出版社,2005.01 |
| 222页:图, 肖像, 摹真;23cm.-(民国万象;2) |
| ISBN 7-80130-798-4:CNY 28.00 |
| ● |
| 相关链接 |
|
|
|
正题名:民国明援
索取号:K828.5/S562
 
预约/预借
| 序号 | 登录号 | 条形码 | 馆藏地/架位号 | 状态 | 备注 |
| 1 | 533165 | 205331657 | 社科库309/309社科库 60排2列5层/ [索取号:K828.5/S562] | 在馆 | |
| 2 | 533166 | 205331666 | 社科库309/309社科库 60排2列5层/ [索取号:K828.5/S562] | 在馆 |